| 000 | 00621nam a2200229Ia 4500 | ||
|---|---|---|---|
| 003 | OSt | ||
| 005 | 20221007063010.0 | ||
| 006 | a|||||r|||| 00| 0 | ||
| 007 | ta | ||
| 008 | 221006b |||||||| |||| 00| 0 eng d | ||
| 024 | _a14,481 | ||
| 037 | _cTextual | ||
| 040 |
_aFLL _cFLL _beng |
||
| 041 |
_2eng _aeng |
||
| 082 | _aX:57:Z2qN47, J3 | ||
| 100 |
_aVakil Shiavax R. _9342539 |
||
| 245 | 0 | _aForeign exchange regulation act | |
| 260 |
_aBombay _bN.M. Tripathi Ltd. India _c1953 |
||
| 300 |
_a339p _ccm. |
||
| 942 |
_hX:57:Z2qN47, J3 _cTEXL _2CC |
||
| 999 |
_c1130055 _d1130055 |
||